000 01121cam a2200229 4500
001 L129833
008 050527n2005 000 0 eng u
020 _a1851127844
035 _a(Sirsi) u129833
041 _aeng
110 _aOffice of the Deputy Prime Minister
_94685
245 _aGuide to the condensing boiler installation assessment procedure for dwellings
260 _aLondon
_bODPM
_c2005
520 _aGuidance to help heating installers carry out a condensing boiler installation assessment using the procedure set out in Appendix G of Approved Document L1, as revised on 1 April 2005 (L129831).
650 _aBUILDING REGULATIONS 2000 APPROVED DOCUMENT L1 (2002 EDITION)
690 _aBuilding regulations
_96224
690 _aBUILT ENVIRONMENT-BUILDING SERVICES-BUILDING SERVICES ENGINEERING-HEATING AND VENTILATION ENGINEERING
710 _aDEFRA
710 _aBuilding Research Establishment
856 _uhttps://webarchive.nationalarchives.gov.uk/+/http://www.communities.gov.uk/index.asp?id=1131464
_zView the item free of charge webarchive.nationalarchives.gov.uk website.
942 _n0
999 _c104290
_d104290